| 000 | 00561cam a2200205ua 4500 | ||
|---|---|---|---|
| 001 | 5393 | ||
| 005 | 20260515113857.0 | ||
| 008 | 150216n ii |||gr||||Z||||||asm | ||
| 020 | _a978-81-7213-150-0 | ||
| 040 | _cMAIN | ||
| 041 | _aasm | ||
| 082 | _a891.4512 | ||
| 100 |
_aHandique, Smritirekha Chetia, _eAuthor, |
||
| 245 |
_aAdhunik asomia natya chintan _cby Smritirekha Chetia Handique |
||
| 250 | _a2nd. | ||
| 260 |
_aGuwahati: _bPurbanchal Prakash, _c2012. |
||
| 300 |
_a232p: _c18cm. |
||
| 653 | _aEast Indo-European & Celtic literatures | ||
| 942 | _cBK | ||
| 999 |
_c4570 _d4570 |
||